00864nam a22002415i 450000100060000000300090000600500170001500700030003200800410003502000180007604000220009408000260011610000290014224500740017126000350024530000220028050400200030260000590032271000690038185200330045099900170048395201220050013041ES-MaACL20250829062526.0t|920820s1992 sp ||||0| spa j a84-87291-27-9 aM-BN bspa cM-BN a012 Gullón, Ricardo1 aBrown, Ann Marie.93197410aRicardo Gullón (1908-1991) b: in memoriam / cpor Ann Marie Brown. aMelilla : bUNED, cD.L. 1992. a142 p. ; c22 cm. aBibliografía.14aGullón, Ricardo,d1908-1991-vBibliografías9609392 aUniversidad Nacional de Educación a Distancia (España)97405 aES-MaACLjL-20377 bR.121226 c13041d13041 00104070aATENEOMbATENEOMcDEPO2d2008-01-17eSCl0oL-20377p1013281r2023-02-23 00:00:00w2023-02-23yMONOGRAFIA